| 000 | 00360nam a2200145Ia 4500 | ||
|---|---|---|---|
| 008 | 230917s9999||||xx |||||||||||||| ||und|| | ||
| 040 |
_e152825 _aMAIN |
||
| 041 | _aEnglish | ||
| 082 | _a294.12 S99R | ||
| 100 | _aVerma virender Kumar | ||
| 245 | 0 | _aRgved bhashya bhumika | |
| 260 |
_aVaranasi _bBharatiya Vidya Prakashan |
||
| 300 | _a141 p. | ||
| 942 | _cBK | ||
| 999 |
_c183441 _d183441 |
||